[Event "Skalica op-B"]
[Site "Skalica"]
[Date "2022.08.27"]
[Round "8"]
[White "Hrbek, Jachym"]
[Black "Sevcik, Matej"]
[Result "1-0"]
[WhiteElo "1779"]
[BlackElo "1841"]
[PlyCount "67"]
[EventDate "2022.08.20"]
[EventType "swiss"]
[EventRounds "9"]
[EventCountry "SVK"]
[SourceTitle "CBM 209 Extra"]
[Source "ChessBase"]
[SourceDate "2022.09.30"]
[SourceVersion "1"]
[SourceVersionDate "2022.09.30"]
[SourceQuality "1"]

1. Nf3 d5 2. g3 g6 3. Bg2 Bg7 4. d3 e5 5. 0-0 Nc6 6. Nc3 Nge7 7. e4 0-0 8. exd5 Nxd5 9. Nxe5 Nxc3 10. Nxc6 Nxd1 11. Nxd8 Nxf2 12. Nxf7 Nh3+ 13. Kh1 Be6 14. Nh6+ Kh8 15. Be3 c6 16. g4 Nf2+ 17. Bxf2 Bxh6 18. Bd4+ Bg7 19. Bxg7+ Kxg7 20. Rae1 Rxf1+ 21. Bxf1 Bd5+ 22. Bg2 Bxg2+ 23. Kxg2 Kf6 24. Kg3 Rd8 25. h4 Rd7 26. g5+ Kf5 27. Re8 c5 28. Kf3 Rf7 29. Re4 Rd7 30. Ke3 Rc7 31. c3 Rd7 32. d4 cxd4+ 33. cxd4 Rc7 34. Kf3 1-0

[Event "Skalica op-B"]
[Site "Skalica"]
[Date "2022.08.22"]
[Round "3"]
[White "Hrbek, Jachym"]
[Black "Svacina, Tobias"]
[Result "0-1"]
[WhiteElo "1779"]
[BlackElo "1856"]
[PlyCount "44"]
[EventDate "2022.08.20"]
[EventType "swiss"]
[EventRounds "9"]
[EventCountry "SVK"]
[SourceTitle "CBM 209 Extra"]
[Source "ChessBase"]
[SourceDate "2022.09.30"]
[SourceVersion "1"]
[SourceVersionDate "2022.09.30"]
[SourceQuality "1"]

1. e4 e5 2. f4 exf4 3. Nf3 h6 4. Bc4 d6 5. 0-0 Nc6 6. d4 g5 7. g3 Bh3 8. Rf2 Bg7 9. c3 Nf6 10. Qd3 fxg3 11. hxg3 Qd7 12. b4 Qg4 13. Nh2 Qd7 14. Nf3 0-0 15. Qc2 Qg4 16. Nh2 Qxg3+ 17. Kh1 Nxe4 18. Rxf7 Rxf7 19. Qxe4 Raf8 20. Bd2 Kh8 21. Bxf7 Rxf7 22. Be1 Bg2+ 0-1

[Event "Ceske Budejovice op-A"]
[Site "Ceske Budejovice"]
[Date "2022.07.08"]
[Round "8"]
[White "Hrbek, Jachym"]
[Black "Chval, Zdenek1111"]
[Result "1-0"]
[WhiteElo "1695"]
[BlackElo "1958"]
[PlyCount "57"]
[EventDate "2022.07.01"]
[EventType "swiss"]
[EventRounds "9"]
[EventCountry "CZE"]
[SourceTitle "CBM 209 Extra"]
[Source "ChessBase"]
[SourceDate "2022.09.30"]
[SourceVersion "1"]
[SourceVersionDate "2022.09.30"]
[SourceQuality "1"]

1. e4 c5 2. Nf3 d6 3. d4 cxd4 4. Nxd4 Nf6 5. Nc3 a6 6. Bd3 e6 7. 0-0 Be7 8. Kh1 0-0 9. f4 Qc7 10. Qe2 Nc6 11. Nxc6 bxc6 12. Bd2 Bb7 13. Rf3 c5 14. Rh3 g6 15. b3 Rfd8 16. Rf1 Qc6 17. Rg3 Rd7 18. h4 Rad8 19. f5 d5 20. exd5 Qc7 21. Bf4 Bd6 22. fxe6 Bxf4 23. Rgf3 Nh5 24. exd7 Rxd7 25. Qe8+ Kg7 26. Rxf4 Nxf4 27. Rxf4 Re7 28. Qa4 c4 29. Qxc4 1-0

[Event "Ceske Budejovice op-A"]
[Site "Ceske Budejovice"]
[Date "2022.07.02"]
[Round "2"]
[White "Hrbek, Jachym"]
[Black "Sykora, Ondrej"]
[Result "0-1"]
[WhiteElo "1695"]
[BlackElo "2099"]
[PlyCount "84"]
[EventDate "2022.07.01"]
[EventType "swiss"]
[EventRounds "9"]
[EventCountry "CZE"]
[SourceTitle "CBM 209 Extra"]
[Source "ChessBase"]
[SourceDate "2022.09.30"]
[SourceVersion "1"]
[SourceVersionDate "2022.09.30"]
[SourceQuality "1"]

1. e4 e5 2. Nf3 Nc6 3. Bc4 Bc5 4. c3 d6 5. d4 exd4 6. cxd4 Bb6 7. Bb5 Bd7 8. Nc3 Nge7 9. 0-0 0-0 10. h3 h6 11. Re1 Qc8 12. Bf4 Ng6 13. Bh2 Nce7 14. Bc4 Be6 15. d5 Bd7 16. Bf1 Qd8 17. Qd2 Re8 18. Rad1 Nc8 19. Nd4 Qf6 20. Kh1 a6 21. f4 Nxf4 22. Bxf4 Bxd4 23. Qxd4 Qxf4 24. Re3 Nb6 25. Be2 Qe5 26. Qxe5 Rxe5 27. Rf3 Be8 28. Rdf1 f6 29. Rf4 Bg6 30. Bg4 Rae8 31. Be6+ Bf7 32. Bxf7+ Kxf7 33. b3 c6 34. dxc6 bxc6 35. g4 Rc5 36. R4f3 h5 37. Kg2 hxg4 38. hxg4 Nd7 39. Rg3 Ree5 40. Rd1 Ke7 41. Rgd3 Rg5 42. Rxd6 g6 0-1